banner koha

Planejamento sistemático da conservação na Serra da Jiboia, extremo norte do Corredor Central da Mata Atlântica (Registro n. 331553)

MARC details
000 -LÍDER
fixed length control field 05184nab a2200373 i 4500
003 - CÓDIGO MARC DA AGÊNCIA CATALOGADORA
Campo de controle BR-BrBNA
005 - DATA E HORA DA ÚLTIMA ATUALIZAÇÃO
Campo de controle 20250516154847.0
008 - CAMPO DE TAMANHO FIXO
fixed length control field 250516b2017 bl.qr|pooa||| 00| 0 por |
040 ## - FONTE DA CATALOGAÇÃO
Agência catalogadora BR-BrBNA
Idioma da catalogação por
072 ## - CATEGORIA AGRIS
Código AGRIS P01
100 ## - ENTRADA PRINCIPAL - NOME PESSOAL
Nome pessoal Oliveira, Guilherme de
100 ## - ENTRADA PRINCIPAL - NOME PESSOAL
Nome pessoal Adorno, Elinsmar Vitória
100 ## - ENTRADA PRINCIPAL - NOME PESSOAL
Nome pessoal Caiafa, Alessandra Nasser
100 ## - ENTRADA PRINCIPAL - NOME PESSOAL
Nome pessoal Freire, Rafael Rodrigues
100 ## - ENTRADA PRINCIPAL - NOME PESSOAL
Nome pessoal Lhano, Marcos Gonçalves
100 ## - ENTRADA PRINCIPAL - NOME PESSOAL
Nome pessoal Moura, Alan Daniel Cerqueira
100 ## - ENTRADA PRINCIPAL - NOME PESSOAL
Nome pessoal Oliveira, Téo Veiga de
100 ## - ENTRADA PRINCIPAL - NOME PESSOAL
Nome pessoal Rocha, Sérgio Schwarz da
100 ## - ENTRADA PRINCIPAL - NOME PESSOAL
Nome pessoal Santos, Rômulo Rafael dos
100 ## - ENTRADA PRINCIPAL - NOME PESSOAL
Nome pessoal Scherer, Carolina Saldanha
100 ## - ENTRADA PRINCIPAL - NOME PESSOAL
Nome pessoal Silva, Maria Luíza Pereira
245 ## - TÍTULO PRINCIPAL
Título principal Planejamento sistemático da conservação na Serra da Jiboia, extremo norte do Corredor Central da Mata Atlântica
500 ## - NOTA GERAL
Nota geral <br/><br/>Publicação online; 34 ref.; 5 illus.; Summaries (En, Pt)
942 ## - ADDED ENTRY ELEMENTS (KOHA)
Koha item type Analítica
520 ## - NOTA DE RESUMO
Nota de conteúdo <br/><br/><br/>Resumo: A Mata Atlântica possui elevada riqueza de espécies endêmicas e está ameaçada pelos efeitos de atividades antrópicas, restando 12,4% de remanescentes de vegetação natural. Os fragmentos desse bioma possuem papel crucial como refúgio para a conservação da biodiversidade. Um desses fragmentos é a Serra da Jiboia localizada no extremo norte do Corredor Central da Mata Atlântica possuindo características peculiares de uma região de transição entre dois biomas, Mata Atlântica e Caatinga. O objetivo desse trabalho foi estabelecer regiões prioritárias para a conservação na Serra da Jiboia, baseado no princípio da complementaridade, utilizando cinco categorias como alvos de conservação: i) mamíferos; ii) aves; iii) invertebrados terrestres; iv) invertebrados aquáticos; e v) plantas. Uma camada vetorial que resume o uso e a ocupação do solo por agricultura, pecuária e urbanização foi utilizada como restrição na indicação de áreas prioritárias. Para cada táxon foi estabelecido um modelo ecológico de nicho, BIOCLIM, para predizer a potencial distribuição espacial. O algoritmo Simulated Annealing foi utilizado para estabelecer redes mínimas de áreas prioritárias para conservação e padrões espaciais de insubstituibilidade na Serra da Jiboia. A potencial distribuição espacial de cada táxon foi utilizada como alvo de conservação, com o objetivo de ao menos uma unidade amostral para cada táxon, e o modelo de uso e ocupação do solo como restrição. Todas as categorias, em conjunto, indicaram que a região centro-sul da Serra da Jiboia é a mais importante para a conservação, evidenciando que essa região deve ser conservada em níveis mais altos de restrição de uso.<br/><br/><br/>Palavras-chave: Complementaridade, Modelos ecológicos de nicho, Priorização espacial
520 ## - NOTA DE RESUMO
Nota de conteúdo <br/><br/><br/>Abstract: Atlantic Forest has highlighted endemic species richness and is threatened by the effects of anthropic activities, remaining only 12,4% of natural vegetation remnants. The fragments of the biome have a crucial role, as a refuge, to the biodiversity conservation. One of these fragments is the Serra da Jiboia, placed at the northern of the Central Rain Forest Corridor and it has peculiars characteristics due to its location, being placed at a transition region between two biomes, Atlantic Forest and Caatinga. The aim of this study was to establish priority regions for conservation in the Serra da Jiboia, based on complementarity principle, using five categories as conservation goals: i) mammals; ii) birds; iii) terrestrial invertebrates; iv) aquatic invertebrates; and v) plants. A vector that summarize the activities of agriculture, cattle ranching, and urbanization was used as a constraint in the design of priorities areas. For each taxon an ecological niche model was established, BIOCLIM, to predict the potential spatial distribution. The Simulated Annealingalgorithm was used to establish minimum conservation networks and irreplaceability spatial patterns in the Serra da Jiboia. The potential spatial distribution was used as conservation goal and the land use andoccupation model as a constraint. All categories together indicated that center-south region of Serra the Jiboia is the most important to conservation, highlighting that this region should be conserved in highest levels of use restriction. <br/><br/><br/>Key words: Complementarity, Ecological niche models, Spatial prioritization.
650 ## - ASSUNTO - THESAGRO
Cabeçalho tópico ou nome geográfico FLORESTA TROPICAL
650 ## - ASSUNTO - THESAGRO
Cabeçalho tópico ou nome geográfico BIODIVERSIDADE
650 ## - ASSUNTO - THESAGRO
Cabeçalho tópico ou nome geográfico PROTEÇÃO AMBIENTAL
650 ## - ASSUNTO - THESAGRO
Cabeçalho tópico ou nome geográfico MATA ATLÂNTICA
773 0# - ENTRADA ANALÍTICA
Host Biblionumber 3583
Registro do item 350396
Imprenta Cruz das Almas-BA Universidade Federal da Bahia - Escola de Agronômia 1983
Outro identificador 2025-3014
Título Magistra (Brazil)
ISSN 0102-5333
Colação v. 29(2) p. 225-234; (2017)
Número de controle de registro BR2025002900
856 ## - ACESSO E ENDEREÇO ELETRÔNICO
Identificador uniforme de recurso - URI https://periodicos.ufrb.edu.br/index.php/magistra/article/view/3908/2135

Nenhum exemplar disponível.

BINAGRI

Telefone: (61)3218-2567/2388/3357/2097 - binagri@agro.gov.br

Ministério da Agricultura e Pecuária , Esplanada dos Ministérios, Bloco D, Anexo B, Brasília/DF, CEP: 70.043-900